000 00294nam a22001337a 4500
008 170609b xxu||||| |||| 00| 0 eng d
020 _a394315545
041 _aeng
080 _a328
100 _a19
101 _aSHP
245 _aTHE GOVERNMENTAL PROCESS
_cTRUMAN.D.B
942 _2udc
_cBK
999 _c16612
_d16612